00385nam a2200109Ia 4500008004100000082000800041100001100049245009900060942000600159952009500165999001500260240331s9999 xx 000 0 und d bRAP aNIE, d 0aRapid needs assessment survey :beducation of children in conflict affected areas of Sri Lanka cL 001040708LaWERCLbWERCLcSSCd2024-03-31l0o 370 RAPp4796r2024-03-31w2024-03-31yL c3111d3111